[Event "Your Next Move (Rapid)"]
[Site "Leuven BEL"]
[Date "2018.06.12"]
[EventDate "2018.06.12"]
[Round "1"]
[Result "0-1"]
[White "Fabiano Caruana"]
[Black "Wesley So"]
[WhiteElo "2816"]
[BlackElo "2778"]
[PlyCount "96"]

1. e4 e5 2. Nf3 Nc6 3. Bb5 a6 4. Ba4 Nf6 5. O-O Be7 6. d3 b5
7. Bb3 d6 8. a4 Bd7 9. c3 O-O 10. Bc2 Re8 11. Re1 h6 12. Nbd2
b4 13. d4 Rb8 14. d5 bxc3 15. bxc3 Na5 16. Ba3 c6 17. c4 Qc7
18. Bd3 Nb7 19. Nb3 a5 20. Bc1 Bg4 21. Be3 Nd7 22. h3 Bxf3
23. Qxf3 Nbc5 24. Nxc5 Nxc5 25. Bxc5 dxc5 26. Bf1 Rb4 27. Red1
Reb8 28. g3 cxd5 29. exd5 Bd6 30. h4 Qd7 31. Bd3 g6 32. g4 Qe7
33. h5 Qg5 34. hxg6 fxg6 35. Qg2 Rf8 36. Re1 Rb3 37. Re3 Rf4
38. Bf5 Rb2 39. Be6+ Kg7 40. Rf1 Rxc4 41. Qg3 Rbb4 42. Qh2 Rf4
43. Kh1 e4 44. f3 h5 45. Qh3 hxg4 46. Bxg4 Rb8 47. Qg3 Rh8+
48. Kg2 Rxg4 0-1

[Event "Your Next Move (Rapid)"]
[Site "Leuven BEL"]
[Date "2018.06.12"]
[EventDate "2018.06.12"]
[Round "1"]
[Result "0-1"]
[White "Viswanathan Anand"]
[Black "Shakhriyar Mamedyarov"]
[WhiteElo "2759"]
[BlackElo "2808"]
[PlyCount "102"]

1. e4 c5 2. Nf3 Nf6 3. Nc3 d5 4. e5 Nfd7 5. e6 fxe6 6. Bb5 a6
7. Bxd7+ Bxd7 8. O-O g6 9. d4 Bg7 10. dxc5 O-O 11. Re1 Nc6
12. Na4 Qa5 13. c3 Rad8 14. Be3 d4 15. Bd2 Nb8 16. Nb6 dxc3
17. Bxc3 Bxc3 18. bxc3 Bc6 19. Qb3 Qxc5 20. Nd4 Kh8 21. Rxe6
Bxg2 22. Kxg2 Qg5+ 23. Kf1 Qh4 24. f3 Qxh2 25. Rae1 Nc6
26. R1e3 Rf4 27. Rxc6 Qh1+ 28. Ke2 Qg2+ 29. Kd3 bxc6 30. Qe6
Rxf3 31. Qxe7 Rxe3+ 32. Qxe3 Qxa2 33. Qe5+ Kg8 34. Nc4 Qb1+
35. Kd2 Qa2+ 36. Kd3 Qb1+ 37. Kd2 Qf5 38. Qe7 Qd7 39. Qb4 Qd5
40. Ne3 c5 41. Nxd5 cxb4 42. Nxb4 a5 43. Nbc6 Ra8 44. c4 a4
45. Kc2 a3 46. Kb1 h5 47. c5 h4 48. Ne5 h3 49. Ndf3 Ra5
50. Nd3 g5 51. c6 g4 0-1

[Event "Your Next Move (Rapid)"]
[Site "Leuven BEL"]
[Date "2018.06.12"]
[EventDate "2018.06.12"]
[Round "1"]
[Result "1/2-1/2"]
[White "Alexander Grischuk"]
[Black "Levon Aronian"]
[WhiteElo "2766"]
[BlackElo "2764"]
[PlyCount "66"]

1. d4 Nf6 2. Bf4 d5 3. e3 e6 4. Nd2 Bd6 5. Ngf3 Bxf4 6. exf4
Nbd7 7. Bd3 c5 8. c3 Qb6 9. Rb1 Qd6 10. g3 b6 11. O-O Bb7
12. Re1 O-O 13. a3 a5 14. Rc1 Rac8 15. Qe2 Nb8 16. Qf1 Nc6
17. Qh3 h6 18. f5 exf5 19. Qxf5 Rce8 20. Bb5 Bc8 21. Qc2 Bd7
22. Bf1 Re6 23. Rxe6 Bxe6 24. Re1 Rc8 25. Qb1 cxd4 26. cxd4
Ne4 27. Nxe4 dxe4 28. Qxe4 Bd5 29. Qg4 Rd8 30. Re3 Be6 31. Qe4
Bd5 32. Qg4 Be6 33. Qe4 Bd5 1/2-1/2

[Event "Your Next Move (Rapid)"]
[Site "Leuven BEL"]
[Date "2018.06.12"]
[EventDate "2018.06.12"]
[Round "2"]
[Result "1-0"]
[White "Anish Giri"]
[Black "Viswanathan Anand"]
[WhiteElo "2782"]
[BlackElo "2759"]
[PlyCount "81"]

1. e4 e5 2. Nf3 Nc6 3. Bb5 a6 4. Ba4 Nf6 5. O-O Nxe4 6. d4 b5
7. Bb3 d5 8. dxe5 Be6 9. c3 Bc5 10. Qd3 O-O 11. Be3 f6
12. exf6 Qxf6 13. Nbd2 Nxd2 14. Qxd2 Bxe3 15. fxe3 Na5
16. Bxd5 Nc4 17. Bxc4 Bxc4 18. Rf2 Rad8 19. Nd4 Qg6 20. Rxf8+
Rxf8 21. b3 Bd3 22. Ne6 Qxe6 23. Qxd3 c5 24. e4 Re8 25. Re1
Qe5 26. c4 h6 27. Qd5+ Kh7 28. Qxe5 Rxe5 29. cxb5 axb5 30. Kf2
Kg6 31. Ke3 Re7 32. Rc1 Rc7 33. a4 bxa4 34. bxa4 Kf6 35. a5 c4
36. a6 c3 37. Ra1 Rc8 38. a7 c2 39. Kd2 Ke5 40. Kc1 Ra8
41. Ra4 1-0

[Event "Your Next Move (Rapid)"]
[Site "Leuven BEL"]
[Date "2018.06.12"]
[EventDate "2018.06.12"]
[Round "2"]
[Result "1-0"]
[White "Sergey Karjakin"]
[Black "Alexander Grischuk"]
[WhiteElo "2782"]
[BlackElo "2766"]
[PlyCount "95"]

1. e4 e5 2. Nf3 Nc6 3. Bc4 Bc5 4. c3 Nf6 5. d3 d6 6. O-O a6
7. a4 h6 8. Re1 O-O 9. Nbd2 a5 10. Nf1 Be6 11. b3 d5 12. exd5
Nxd5 13. Bd2 Bd6 14. Ng3 Re8 15. h3 Rb8 16. Qc2 Qf6 17. Re2
Re7 18. Rae1 Rbe8 19. Kh2 g5 20. Bb5 Bd7 21. Qc1 Nf4 22. Bxf4
gxf4 23. Ne4 Qg7 24. g3 fxg3+ 25. fxg3 f5 26. Nxd6 cxd6
27. Nh4 Qg5 28. Ng2 Qh5 29. Re3 Rg7 30. Qd1 Qg5 31. Qf3 Rf8
32. Rf1 f4 33. gxf4 exf4 34. d4 Rf6 35. Re4 Qg3+ 36. Qxg3
fxg3+ 37. Kg1 Rxf1+ 38. Bxf1 Bxh3 39. Bc4+ Kh7 40. Nf4 Bf5
41. Re3 Rg5 42. Ne2 g2 43. Nf4 Rg4 44. Nxg2 Kg7 45. Be2 Rg6
46. Kf2 Re6 47. Rg3+ Rg6 48. Nh4 1-0

[Event "Your Next Move (Rapid)"]
[Site "Leuven BEL"]
[Date "2018.06.12"]
[EventDate "2018.06.12"]
[Round "3"]
[Result "1-0"]
[White "Alexander Grischuk"]
[Black "Fabiano Caruana"]
[WhiteElo "2766"]
[BlackElo "2816"]
[PlyCount "71"]

1. e4 e5 2. Nf3 Nf6 3. Nxe5 d6 4. Nf3 Nxe4 5. Bd3 d5 6. O-O
Be7 7. Re1 Nd6 8. Nc3 c6 9. b3 O-O 10. Ba3 Bg4 11. h3 Bh5
12. Qe2 Bf6 13. Qe3 Re8 14. Qf4 Bxf3 15. Bxd6 Bh5 16. Bc7 Qc8
17. Bf5 Rxe1+ 18. Rxe1 Qf8 19. Bd6 Qd8 20. Qb4 Nd7 21. Qxb7
Nb6 22. Qxc6 Bg6 23. Bc7 Qf8 24. Bxg6 hxg6 25. Nxd5 Nxd5
26. Qxd5 Kh7 27. Bd6 Qd8 28. c4 Rc8 29. b4 Qd7 30. c5 Qa4
31. Qb3 Qd7 32. Re4 Qf5 33. d3 Kg8 34. Qc4 Qh5 35. Re1 Qg5
36. Qg4 1-0

[Event "Your Next Move (Rapid)"]
[Site "Leuven BEL"]
[Date "2018.06.12"]
[EventDate "2018.06.12"]
[Round "3"]
[Result "1/2-1/2"]
[White "Viswanathan Anand"]
[Black "Levon Aronian"]
[WhiteElo "2759"]
[BlackElo "2764"]
[PlyCount "107"]

1. e4 e5 2. Nf3 Nc6 3. Bb5 Nf6 4. O-O Nxe4 5. Re1 Nd6 6. Nxe5
Be7 7. Bf1 Nxe5 8. Rxe5 O-O 9. Nc3 Ne8 10. Nd5 Bd6 11. Re1 c6
12. Ne3 Be7 13. c4 Nc7 14. d4 d5 15. cxd5 Nxd5 16. Nxd5 cxd5
17. Bf4 Be6 18. Qb3 Bf6 19. Be5 Bxe5 20. Rxe5 Qb6 21. Qxb6
axb6 22. Re3 Rfc8 23. Rb3 Rc6 24. Bb5 Rc7 25. Bd3 Rc6 26. Kf1
g6 27. a3 Rac8 28. Ke2 Kf8 29. Kd2 Ke7 30. Re1 Kd8 31. h4 h5
32. g3 Bd7 33. Re5 Rd6 34. Rc3 Rcc6 35. Be2 Be6 36. Bb5 Rc7
37. Ree3 Rxc3 38. Kxc3 Kc7 39. Bd3 Rc6+ 40. Kb4 Kd6 41. Re1
Bd7 42. Bb5 Rc8 43. Bxd7 Kxd7 44. Re2 Rc4+ 45. Kb5 Rxd4
46. Kxb6 Rd3 47. Kc5 f6 48. a4 g5 49. hxg5 fxg5 50. Re5 b6+
51. Kxb6 Kd6 52. Rxg5 Rb3+ 53. Ka6 Rxb2 54. Rxh5 1/2-1/2

[Event "Your Next Move (Rapid)"]
[Site "Leuven BEL"]
[Date "2018.06.13"]
[EventDate "2018.06.12"]
[Round "4"]
[Result "1-0"]
[White "Wesley So"]
[Black "Anish Giri"]
[WhiteElo "2778"]
[BlackElo "2782"]
[PlyCount "113"]

1. c4 Nf6 2. g3 e5 3. Bg2 d5 4. cxd5 Nxd5 5. Nc3 Nb6 6. Nf3
Nc6 7. d3 Be7 8. O-O O-O 9. Be3 Be6 10. Rc1 Nd5 11. Nxd5 Bxd5
12. Qc2 Re8 13. a3 a6 14. Rfd1 Bf6 15. Nd2 Bxg2 16. Kxg2 Bg5
17. Bxg5 Qxg5 18. e3 Qe7 19. Ne4 Rac8 20. Nc5 Nd8 21. d4 e4
22. d5 f5 23. Nxa6 Nf7 24. d6 Nxd6 25. Nxc7 Red8 26. Qb3+ Qf7
27. Ne6 Rxc1 28. Rxc1 Re8 29. Nd4 Qxb3 30. Nxb3 Kf7 31. Nd4 g6
32. Rc3 Kf6 33. Rb3 Re7 34. a4 Ke5 35. a5 Kd5 36. Rb6 Rf7
37. b3 g5 38. a6 bxa6 39. Rxa6 Nb7 40. Rb6 Nd6 41. Ra6 Nb7
42. Rh6 Nd6 43. Rh5 Rg7 44. Rh6 Rf7 45. Rh5 Rg7 46. h4 gxh4
47. Rxh4 Ke5 48. Rh6 Rf7 49. Rh5 Kf6 50. Rh6+ Ke5 51. Kh3 Rb7
52. Rh5 Kf6 53. Rh6+ Ke5 54. Kh4 Nb5 55. Ne2 Re7 56. g4 Nd6
57. Nd4 1-0

[Event "Your Next Move (Rapid)"]
[Site "Leuven BEL"]
[Date "2018.06.13"]
[EventDate "2018.06.12"]
[Round "4"]
[Result "1/2-1/2"]
[White "Sergey Karjakin"]
[Black "Viswanathan Anand"]
[WhiteElo "2782"]
[BlackElo "2759"]
[PlyCount "99"]

1. e4 e5 2. Nf3 Nc6 3. Bc4 Bc5 4. d3 Nf6 5. Nc3 h6 6. h3 d6
7. Na4 Bb6 8. a3 O-O 9. O-O Qe8 10. Re1 Be6 11. Bxe6 Qxe6
12. b4 Nd7 13. Bb2 f5 14. Nxb6 Nxb6 15. c4 fxe4 16. Rxe4 Qf7
17. Qc2 Nd7 18. d4 exd4 19. Nxd4 Nxd4 20. Bxd4 Rae8 21. Rae1
Rxe4 22. Rxe4 c5 23. Bb2 Re8 24. bxc5 Rxe4 25. Qxe4 Nxc5
26. Qd4 Qe7 27. f4 b6 28. Qd5+ Kh7 29. Kf2 Qh4+ 30. Kf3 Qe1
31. Qd4 Qf1+ 32. Kg3 Qe1+ 33. Kf3 Qf1+ 34. Kg3 Qe1+ 35. Kh2
Qe7 36. Qd5 Qe3 37. Qf5+ Kg8 38. Qc8+ Kh7 39. Qg4 Qe7 40. f5
Qf7 41. Qd4 Qe7 42. Qg4 Nd7 43. Bc3 Kg8 44. Qd4 Ne5 45. Qd5+
Kh7 46. Qe4 Kg8 47. Qd5+ Kh7 48. Qe4 Kg8 49. Qa8+ Kh7 50. Qe4
1/2-1/2

[Event "Your Next Move (Rapid)"]
[Site "Leuven BEL"]
[Date "2018.06.13"]
[EventDate "2018.06.12"]
[Round "5"]
[Result "0-1"]
[White "Alexander Grischuk"]
[Black "Wesley So"]
[WhiteElo "2766"]
[BlackElo "2778"]
[PlyCount "126"]

1. e4 e5 2. Nf3 Nc6 3. Bb5 Nf6 4. d3 Bc5 5. c3 O-O 6. O-O d6
7. h3 Ne7 8. d4 Bb6 9. Re1 d5 10. Nxe5 Nxe4 11. Nd2 Nd6
12. Bd3 f6 13. Nef3 Bf5 14. Nb3 Bxd3 15. Qxd3 Ng6 16. Nc5 Re8
17. Bd2 c6 18. b3 Qc7 19. Rxe8+ Rxe8 20. Re1 Rxe1+ 21. Nxe1
Bxc5 22. dxc5 Ne4 23. b4 Ne5 24. Qc2 Nc4 25. Nf3 Ncxd2
26. Nxd2 Qe5 27. Nxe4 Qxe4 28. Qd1 Qc4 29. Qg4 Qxg4 30. hxg4
Kf7 31. Kf1 f5 32. gxf5 h5 33. Ke2 Kf6 34. Ke3 Kxf5 35. Kf3 g6
36. a4 a6 37. g3 g5 38. g4+ hxg4+ 39. Kg3 Ke4 40. Kxg4 Kd3
41. Kxg5 Kxc3 42. f4 d4 43. f5 d3 44. f6 d2 45. f7 d1=Q
46. f8=Q Qg1+ 47. Kh6 Qh2+ 48. Kg6 Qg3+ 49. Kh6 Qh4+ 50. Kg6
Qg4+ 51. Kh6 Qe6+ 52. Kg7 Qe5+ 53. Kg6 Kxb4 54. Qf7 Qg3+
55. Kh6 Qe3+ 56. Kg7 Qc3+ 57. Kh7 Qc2+ 58. Kh6 Qc1+ 59. Kg7
Qb2+ 60. Kf8 Qh8+ 61. Ke7 Qe5+ 62. Kf8 Qxc5+ 63. Kg8 Qd5 0-1

[Event "Your Next Move (Rapid)"]
[Site "Leuven BEL"]
[Date "2018.06.13"]
[EventDate "2018.06.12"]
[Round "5"]
[Result "0-1"]
[White "Anish Giri"]
[Black "Levon Aronian"]
[WhiteElo "2782"]
[BlackElo "2764"]
[PlyCount "92"]

1. e4 e5 2. Nf3 Nc6 3. Bb5 Nf6 4. O-O Nxe4 5. Re1 Nd6 6. Nxe5
Be7 7. Bf1 Nxe5 8. Rxe5 O-O 9. d4 Ne8 10. d5 Bc5 11. Re1 d6
12. Nc3 f5 13. Be3 Bxe3 14. Rxe3 Nf6 15. Qd4 Ng4 16. Ree1 f4
17. f3 Ne3 18. Rac1 Bf5 19. Qxf4 Nxf1 20. Qd4 Nxh2 21. Kxh2
Qg5 22. Ne4 Bxe4 23. Qxe4 Rf6 24. Re3 Raf8 25. Rce1 Rg6
26. R1e2 h5 27. Qe7 Qg3+ 28. Kh1 Rf4 29. Qe8+ Kh7 30. Re4 Rxf3
31. Qxg6+ Kxg6 32. gxf3 Qxf3+ 33. Kh2 Kh6 34. c4 g6 35. b3 a5
36. Re6 h4 37. Rg2 Qf5 38. Re8 Qf4+ 39. Kh3 g5 40. Rg8 Qe5
41. Kg4 b5 42. Rf8 bxc4 43. bxc4 Qe4+ 44. Kh3 g4+ 45. Kh2 Qe5+
46. Kg1 g3 0-1

[Event "Your Next Move (Rapid)"]
[Site "Leuven BEL"]
[Date "2018.06.13"]
[EventDate "2018.06.12"]
[Round "6"]
[Result "1/2-1/2"]
[White "Wesley So"]
[Black "Levon Aronian"]
[WhiteElo "2778"]
[BlackElo "2764"]
[PlyCount "89"]

1. Nf3 d5 2. d4 Nf6 3. c4 e6 4. g3 Be7 5. Bg2 O-O 6. O-O dxc4
7. Qc2 b6 8. Qxc4 Bb7 9. Nc3 c5 10. Rd1 cxd4 11. Nxd4 Bxg2
12. Kxg2 Qc8 13. Qd3 Nc6 14. Nxc6 Qxc6+ 15. Qf3 Rfc8 16. Bf4
Qxf3+ 17. Kxf3 Rc5 18. Be3 Rf5+ 19. Kg2 Bc5 20. Bd4 Bxd4
21. Rxd4 Rc5 22. Rad1 Kf8 23. Rd8+ Rxd8 24. Rxd8+ Ke7 25. Ra8
a5 26. Ra7+ Nd7 27. h4 Kd8 28. f4 Rc7 29. Ra8+ Rc8 30. Rxc8+
Kxc8 31. Nb5 Kd8 32. Kf3 Nc5 33. g4 Kd7 34. g5 Kc6 35. Nc3 b5
36. Ke3 b4 37. Ne4 Kd5 38. Nxc5 Kxc5 39. Kd3 f6 40. gxf6 gxf6
41. b3 Kd5 42. e4+ Kc5 43. h5 h6 44. Ke3 e5 45. f5 1/2-1/2

[Event "Your Next Move (Rapid)"]
[Site "Leuven BEL"]
[Date "2018.06.13"]
[EventDate "2018.06.12"]
[Round "6"]
[Result "1/2-1/2"]
[White "Sergey Karjakin"]
[Black "Anish Giri"]
[WhiteElo "2782"]
[BlackElo "2782"]
[PlyCount "68"]

1. e4 e5 2. Nf3 Nf6 3. Nxe5 d6 4. Nf3 Nxe4 5. Nc3 Nxc3 6. dxc3
Be7 7. Be3 O-O 8. Qd2 Nd7 9. O-O-O c6 10. h4 Re8 11. Bd3 d5
12. Kb1 Bc5 13. Bd4 Bxd4 14. cxd4 Nf6 15. Rde1 Ne4 16. Qf4 Qf6
17. Qxf6 Nxf6 18. Ne5 g6 19. a4 Ng4 20. Nxg4 Bxg4 21. a5 Kf8
22. f3 Bd7 23. Kc1 Rxe1+ 24. Rxe1 Re8 25. Rh1 h6 26. Kd2 Ke7
27. Ke3 Kf6+ 28. Kf4 Bf5 29. Bxf5 gxf5 30. g3 Re2 31. Rc1 Rd2
32. Ke3 Rg2 33. Kf4 Rd2 34. Ke3 Rg2 1/2-1/2

[Event "Your Next Move (Rapid)"]
[Site "Leuven BEL"]
[Date "2018.06.14"]
[EventDate "2018.06.12"]
[Round "7"]
[Result "0-1"]
[White "Levon Aronian"]
[Black "Sergey Karjakin"]
[WhiteElo "2764"]
[BlackElo "2782"]
[PlyCount "54"]

1. e4 e5 2. Nf3 Nc6 3. Bc4 Bc5 4. O-O Nf6 5. d3 d6 6. Re1 a6
7. c3 h6 8. Nbd2 O-O 9. Bb3 Ba7 10. Nf1 Re8 11. Ng3 Be6
12. Bc2 d5 13. exd5 Bxd5 14. Be3 Bxe3 15. Rxe3 Qd7 16. h3 Re7
17. Qd2 Rae8 18. Rae1 g6 19. Nh4 Nh7 20. Nh5 Kh8 21. d4 gxh5
22. Rg3 Re6 23. dxe5 Qd8 24. Nf5 Nxe5 25. Rg7 Nf3+ 26. gxf3
Rxe1+ 27. Kh2 Rh1+ 0-1

[Event "Your Next Move (Rapid)"]
[Site "Leuven BEL"]
[Date "2018.06.14"]
[EventDate "2018.06.12"]
[Round "7"]
[Result "0-1"]
[White "Viswanathan Anand"]
[Black "Alexander Grischuk"]
[WhiteElo "2759"]
[BlackElo "2766"]
[PlyCount "82"]

1. e4 c5 2. Nf3 d6 3. d4 cxd4 4. Nxd4 Nf6 5. Nc3 a6 6. g3 e5
7. Nde2 Be7 8. Bg2 b5 9. Nd5 Nbd7 10. Nec3 Nb6 11. Nxe7 Qxe7
12. a4 b4 13. a5 bxc3 14. axb6 cxb2 15. Bxb2 Rb8 16. O-O Rxb6
17. Ba3 O-O 18. Qd2 Rd8 19. Bb4 Rc6 20. c3 Be6 21. Rfd1 Bb3
22. Rdb1 Bc4 23. Rd1 h6 24. Qe3 Qe6 25. Rd2 Rd7 26. Rad1 Bb3
27. Rb1 Rb7 28. h3 Rb5 29. Ra1 Bc4 30. Qa7 d5 31. exd5 Nxd5
32. Ra5 e4 33. Rxb5 axb5 34. Qd4 f5 35. g4 Nf6 36. gxf5 Qxf5
37. Be7 Nd5 38. Bh4 Re6 39. Qc5 Kh7 40. Bg3 e3 41. Rxd5 Bxd5
0-1

[Event "Your Next Move (Rapid)"]
[Site "Leuven BEL"]
[Date "2018.06.14"]
[EventDate "2018.06.12"]
[Round "7"]
[Result "0-1"]
[White "Anish Giri"]
[Black "Fabiano Caruana"]
[WhiteElo "2782"]
[BlackElo "2816"]
[PlyCount "86"]

1. e4 e6 2. d4 d5 3. Nc3 Bb4 4. e5 Ne7 5. a3 Bxc3+ 6. bxc3 b6
7. Qg4 Kf8 8. a4 Ba6 9. Bxa6 Nxa6 10. Qe2 Nb8 11. a5 Nbc6
12. axb6 cxb6 13. Nf3 Na5 14. O-O h6 15. Ba3 Kg8 16. Bb4 Nc4
17. Ra6 Qc8 18. Rfa1 Nc6 19. R6a2 a5 20. Ba3 a4 21. Rb1 Kh7
22. Qd3+ g6 23. Bc1 Kg7 24. Nd2 Nxd2 25. Bxd2 Qd7 26. Qf3 Na5
27. Qf6+ Kg8 28. Bc1 Nc4 29. Ba3 Nxa3 30. Rxa3 b5 31. h4 h5
32. f4 Kh7 33. g4 hxg4 34. h5 gxh5 35. Rxb5 Rhg8 36. Rb4 Rg6
37. Qh4 Kg7 38. Kg2 Qc6 39. Qe7 h4 40. Qxh4 Rh8 41. Qe7 g3
42. Rb7 Qc4 43. Qxf7+ Kh6 0-1

[Event "Your Next Move (Rapid)"]
[Site "Leuven BEL"]
[Date "2018.06.14"]
[EventDate "2018.06.12"]
[Round "8"]
[Result "1/2-1/2"]
[White "Wesley So"]
[Black "Sergey Karjakin"]
[WhiteElo "2778"]
[BlackElo "2782"]
[PlyCount "61"]

1. Nf3 d5 2. g3 g6 3. Bg2 Bg7 4. d4 Nf6 5. c4 dxc4 6. Na3 c5
7. O-O O-O 8. dxc5 c3 9. Nb5 Na6 10. Nxc3 Nxc5 11. Be3 Nce4
12. Nxe4 Nxe4 13. Bd4 Bxd4 14. Qxd4 Qxd4 15. Nxd4 Nd6 16. Rfc1
Rd8 17. f4 Bg4 18. h3 Bd7 19. Rc7 Rac8 20. Rac1 Kf8 21. e4 f6
22. e5 fxe5 23. fxe5 Nf5 24. Nxf5 Bxf5 25. Bxb7 Rxc7 26. Rxc7
Rd2 27. Bg2 Rxb2 28. Rxa7 Rb1+ 29. Kf2 Rb2+ 30. Kg1 Rb1+
31. Kf2 1/2-1/2

[Event "Your Next Move (Rapid)"]
[Site "Leuven BEL"]
[Date "2018.06.14"]
[EventDate "2018.06.12"]
[Round "8"]
[Result "0-1"]
[White "Fabiano Caruana"]
[Black "Levon Aronian"]
[WhiteElo "2816"]
[BlackElo "2764"]
[PlyCount "72"]

1. e4 e5 2. Nf3 Nc6 3. Bb5 Nf6 4. d3 Bc5 5. c3 d5 6. Nbd2 O-O
7. O-O dxe4 8. dxe4 a5 9. a4 Qe7 10. h3 Ne8 11. Re1 Nd6
12. Bd3 Be6 13. Nf1 f6 14. Be3 Bxe3 15. Nxe3 Qf7 16. Qe2 Rfd8
17. Red1 Ne7 18. h4 Nec8 19. Bc2 Nb6 20. Nd2 Nbc4 21. Ndxc4
Nxc4 22. Nd5 Bxd5 23. exd5 Nd6 24. c4 b6 25. Ra3 f5 26. Rc3 e4
27. c5 bxc5 28. Rxc5 Re8 29. Rc1 Re7 30. Bd1 f4 31. Qe1 f3
32. R1c3 Rf8 33. Qf1 Qg6 34. Kh2 Qg4 35. Rxc7 Qxh4+ 36. Kg1
Re5 0-1

[Event "Your Next Move (Rapid)"]
[Site "Leuven BEL"]
[Date "2018.06.14"]
[EventDate "2018.06.12"]
[Round "9"]
[Result "1/2-1/2"]
[White "Viswanathan Anand"]
[Black "Wesley So"]
[WhiteElo "2759"]
[BlackElo "2778"]
[PlyCount "44"]

1. e4 e6 2. d4 d5 3. exd5 exd5 4. Nf3 Bd6 5. Bd3 Nc6 6. Nc3
Nge7 7. h3 Nb4 8. Nb5 Nxd3+ 9. Qxd3 Bf5 10. Qc3 O-O 11. O-O c6
12. Nxd6 Qxd6 13. Re1 Rfe8 14. Bg5 Ng6 15. Nh4 Nxh4 16. Bxh4
Qg6 17. Qg3 Qxg3 18. Bxg3 Bxc2 19. f3 f6 20. Rxe8+ Rxe8
21. Re1 Rxe1+ 22. Bxe1 Bb1 1/2-1/2

[Event "Your Next Move (Rapid)"]
[Site "Leuven BEL"]
[Date "2018.06.14"]
[EventDate "2018.06.12"]
[Round "9"]
[Result "0-1"]
[White "Sergey Karjakin"]
[Black "Fabiano Caruana"]
[WhiteElo "2782"]
[BlackElo "2816"]
[PlyCount "76"]

1. e4 e5 2. Nf3 Nf6 3. Nxe5 d6 4. Nf3 Nxe4 5. c4 Nc6 6. d4 d5
7. c5 Be7 8. Bb5 O-O 9. O-O Bg4 10. Bxc6 bxc6 11. h3 Bh5
12. g4 Bg6 13. Ne5 Bf6 14. Nxc6 Qd7 15. Nb4 Rab8 16. Nc2 Bh4
17. f3 Ng3 18. Rf2 f5 19. Nc3 Ne4 20. Rh2 Nxc3 21. bxc3 Rbe8
22. Bd2 Bg3 23. Rg2 f4 24. Rc1 Bd3 25. Ne1 Bc4 26. Qc2 Be2
27. c4 dxc4 28. Bc3 Bxe1 29. Rxe1 Bxf3 30. Rxe8 Qxe8 31. Rf2
Bd5 32. Qe2 Qg6 33. Qe5 c6 34. Kh2 Qd3 35. Rxf4 Qc2+ 36. Kg3
Qxc3+ 37. Kh4 Rxf4 38. Qxf4 h6 0-1

[Event "Your Next Move (Rapid)"]
[Site "Leuven BEL"]
[Date "2018.06.14"]
[EventDate "2018.06.12"]
[Round "9"]
[Result "1/2-1/2"]
[White "Anish Giri"]
[Black "Alexander Grischuk"]
[WhiteElo "2782"]
[BlackElo "2766"]
[PlyCount "61"]

1. e4 c5 2. Nf3 d6 3. d4 cxd4 4. Nxd4 Nf6 5. Nc3 a6 6. Be2 e5
7. Nf3 Be7 8. Bg5 Nbd7 9. a4 h6 10. Be3 Ng4 11. Bc1 Ngf6
12. Be3 Ng4 13. Bc1 Ngf6 14. O-O O-O 15. b3 Nc5 16. Nd2 Be6
17. Bb2 Rc8 18. Re1 Ncd7 19. Nc4 Nc5 20. Nd2 Ncd7 21. a5 Rc5
22. b4 Rc8 23. b5 axb5 24. Nxb5 Nc5 25. Bf1 Ra8 26. Bc3 b6
27. axb6 Qxb6 28. Qf3 Qc6 29. Na7 Qc7 30. Nb5 Qc6 31. Na7
1/2-1/2

[Event "Your Next Move (Blitz)"]
[Site "Leuven BEL"]
[Date "2018.06.15"]
[EventDate "2018.06.12"]
[Round "1"]
[Result "0-1"]
[White "Fabiano Caruana"]
[Black "Viswanathan Anand"]
[WhiteElo "2816"]
[BlackElo "2759"]
[PlyCount "102"]

1. d4 Nf6 2. c4 e6 3. Nc3 Bb4 4. e3 O-O 5. Nge2 d5 6. a3 Bd6
7. c5 Be7 8. b4 c6 9. Nf4 Nbd7 10. Nd3 b6 11. Be2 a5 12. Bb2
axb4 13. axb4 Ba6 14. O-O Bc4 15. Qc2 Qc7 16. f4 b5 17. Ne5
Rfb8 18. Rfb1 Nxe5 19. dxe5 Nd7 20. Bxc4 bxc4 21. Ne2 Rxa1
22. Bxa1 Qb7 23. Rb2 f6 24. exf6 Bxf6 25. Nd4 Bxd4 26. exd4
Nf6 27. Rb1 Ne4 28. Bc3 Ra8 29. Be1 Qb5 30. Qe2 Kh8 31. h3 h6
32. Kh2 Rf8 33. Qe3 Qa4 34. Rc1 Qa2 35. Bg3 Qb2 36. Be1 Ra8
37. Bc3 Qb3 38. Bd2 Ra2 39. Qxb3 cxb3 40. Be1 b2 41. Rb1 Ra1
42. Rxb2 Rxe1 43. b5 cxb5 44. Rxb5 h5 45. h4 Nf6 46. Kg3 Re3+
47. Kf2 Ng4+ 48. Kf1 Kh7 49. c6 Rc3 50. Rc5 Rxc5 51. dxc5 Ne3+
0-1

[Event "Your Next Move (Blitz)"]
[Site "Leuven BEL"]
[Date "2018.06.15"]
[EventDate "2018.06.12"]
[Round "1"]
[Result "1/2-1/2"]
[White "Wesley So"]
[Black "Sergey Karjakin"]
[WhiteElo "2778"]
[BlackElo "2782"]
[PlyCount "145"]

1. d4 Nf6 2. c4 e6 3. Nc3 Bb4 4. e3 O-O 5. Nf3 d5 6. Bd2 b6
7. cxd5 exd5 8. Bd3 Bb7 9. O-O Re8 10. a3 Bf8 11. b4 Nbd7
12. b5 Ne4 13. a4 Ndf6 14. Ne2 a5 15. Bc1 Bd6 16. Ba3 Qe7
17. Bxd6 cxd6 18. h3 Rac8 19. Rc1 Rxc1 20. Qxc1 Rc8 21. Qb2
Rc7 22. Rc1 h6 23. Rxc7 Qxc7 24. Qc2 Qd8 25. Nh2 Ng5 26. Nf1
Ne6 27. f3 g6 28. Kf2 Qe7 29. g3 h5 30. h4 Qd7 31. Nf4 Ng7
32. Nd2 Qd8 33. Nb1 Qd7 34. Nc3 Ne6 35. Nxe6 Qxe6 36. Ne2 Qd7
37. Nf4 Kf8 38. Bf1 Ke8 39. Bh3 Qe7 40. Bc8 Kd8 41. Bh3 Qe8
42. Qc3 Qe7 43. Qc1 Qe8 44. Ne2 Qe7 45. Nc3 Qc7 46. Bf1 Qc8
47. Ne2 Qd7 48. Nf4 Qe7 49. Bd3 Qd7 50. Bb1 Ke7 51. Ke2 Kd8
52. Kd2 Qe7 53. Bc2 Qd7 54. Bb3 Qf5 55. Qc2 Qd7 56. Qa2 Qf5
57. Qc2 Qd7 58. Qd1 Qe7 59. Bc2 Qd7 60. Bd3 Qe7 61. g4 hxg4
62. fxg4 Bc8 63. g5 Ne4+ 64. Bxe4 Qxe4 65. Qc2 Qxc2+ 66. Kxc2
Bf5+ 67. Kd2 Be4 68. Ne2 Ke7 69. Ng3 Ke6 70. Kc3 Bf3 71. Kc2
Bg4 72. Kd2 Bf3 73. Kc2 1/2-1/2

[Event "Your Next Move (Blitz)"]
[Site "Leuven BEL"]
[Date "2018.06.15"]
[EventDate "2018.06.12"]
[Round "2"]
[Result "1/2-1/2"]
[White "Levon Aronian"]
[Black "Wesley So"]
[WhiteElo "2764"]
[BlackElo "2778"]
[PlyCount "77"]

1. e4 e6 2. d4 d5 3. Nc3 dxe4 4. Nxe4 Nd7 5. g3 Be7 6. Bg2
Ngf6 7. Ne2 O-O 8. O-O Nxe4 9. Bxe4 e5 10. Qd3 h6 11. dxe5
Nxe5 12. Qxd8 Rxd8 13. Bf4 Bf6 14. f3 c6 15. Rad1 Be6 16. b3
a5 17. a4 Nd7 18. Bc7 Re8 19. Nf4 Nc5 20. Nxe6 Nxe6 21. Bb6
Be7 22. Bf2 Bc5 23. Bf5 Bxf2+ 24. Kxf2 Nc5 25. Rd4 g6 26. Bh3
Rad8 27. Rfd1 Rxd4 28. Rxd4 Kf8 29. Bf1 Ne6 30. Rd2 Nc5
31. Bc4 g5 32. Rd6 Kg7 33. h4 Re7 34. hxg5 hxg5 35. Bf1 g4
36. Be2 gxf3 37. Bxf3 Ne4+ 38. Bxe4 Rxe4 39. Kf3 1/2-1/2

[Event "Your Next Move (Blitz)"]
[Site "Leuven BEL"]
[Date "2018.06.15"]
[EventDate "2018.06.12"]
[Round "2"]
[Result "1-0"]
[White "Alexander Grischuk"]
[Black "Fabiano Caruana"]
[WhiteElo "2766"]
[BlackElo "2816"]
[PlyCount "63"]

1. e4 c5 2. Nf3 e6 3. d4 cxd4 4. Nxd4 a6 5. Nc3 Qc7 6. Bd3 Nf6
7. f4 Bb4 8. Bd2 Bxc3 9. Bxc3 Qxf4 10. Qe2 Nc6 11. Rf1 Qh4+
12. g3 Qg4 13. Nxc6 dxc6 14. Rxf6 Qxe2+ 15. Kxe2 gxf6 16. Bxf6
Rg8 17. e5 h5 18. Rd1 Bd7 19. Be4 Rb8 20. Bf3 c5 21. Rd6 Bc6
22. Bxh5 Bd5 23. b3 c4 24. Ke3 Rc8 25. g4 b5 26. g5 cxb3
27. cxb3 Rg6 28. Kd4 Kf8 29. h4 Kg8 30. Be2 b4 31. h5 Rxf6
32. exf6 1-0

[Event "Your Next Move (Blitz)"]
[Site "Leuven BEL"]
[Date "2018.06.15"]
[EventDate "2018.06.12"]
[Round "3"]
[Result "1/2-1/2"]
[White "Wesley So"]
[Black "Viswanathan Anand"]
[WhiteElo "2778"]
[BlackElo "2759"]
[PlyCount "121"]

1. Nf3 Nf6 2. c4 e6 3. Nc3 d5 4. e3 c5 5. cxd5 exd5 6. d4 Nc6
7. Bb5 cxd4 8. Nxd4 Bd7 9. O-O Bd6 10. b3 O-O 11. Bb2 Re8
12. Nf3 Bg4 13. Bxc6 bxc6 14. Rc1 Be5 15. Na4 Bxb2 16. Nxb2
Rc8 17. h3 Bxf3 18. Qxf3 c5 19. Rfd1 Qa5 20. Na4 c4 21. Qf5 h6
22. Rc2 Rb8 23. Nc3 cxb3 24. axb3 Rxb3 25. Nxd5 Nxd5 26. Rxd5
Qa1+ 27. Kh2 Rbb8 28. Rc7 Rf8 29. Ra5 Qd1 30. Rd7 Qb1 31. Qf4
Rb7 32. Rxa7 Rxa7 33. Rxa7 Qb6 34. Rc7 Qf6 35. Qg3 Re8 36. Rc5
g6 37. h4 Re4 38. f4 Qe7 39. Rc3 h5 40. Qf2 Kg7 41. Rb3 Rc4
42. Qb2+ Qf6 43. Qxf6+ Kxf6 44. Kg3 Kg7 45. Kf3 f5 46. Rb7+
Kf6 47. Rb6+ Kf7 48. Rd6 Rc2 49. g3 Rb2 50. Rd7+ Kf6 51. Rd3
Kf7 52. e4 fxe4+ 53. Kxe4 Kf6 54. Rd6+ Kf7 55. f5 Rb4+ 56. Ke5
gxf5 57. Rf6+ Kg7 58. Rxf5 Kg6 59. Rf6+ Kg7 60. Rf4 Rb3
61. Ke4 1/2-1/2